000 00255nam a2200109Ia 4500
008 220120s9999||||xx |||||||||||||| ||und||
082 _a005.1 BAN
100 _aBanerjee, Avik
245 0 _aSprite of C and data structures
300 _b0
650 _aCIVIL
999 _c136388
_d136388